Caminito a Samaín (Record no. 85860)
[ view plain ]
| 000 -LEADER | |
|---|---|
| campo de control de longitud fija | 00944nam a22001937a 4500 |
| 001 - NÚMERO DE CONTROL | |
| campo de control | 85860 |
| 005 - FECHA Y HORA DE LA ÚLTIMA TRANSACCIÓN | |
| campo de control | 20260430102335.0 |
| 008 - DATOS DE LONGITUD FIJA--INFORMACIÓN GENERAL | |
| campo de control de longitud fija | 260430s2017 sp ||||| |||| 00| 0 spa d |
| 040 ## - FUENTE DE CATALOGACIÓN | |
| Centro catalogador/agencia de origen | M-RABA |
| Lengua de catalogación | spa |
| Centro/agencia transcriptor | M-RABA |
| 245 00 - MENCIÓN DEL TÍTULO | |
| Título | Caminito a Samaín |
| Resto del título | : Dossier de actividades pedagógicas |
| Mención de responsabilidad, etc. | / Departamento de Inglés. I. E. S. La Caleta Cádiz |
| 260 ## - PUBLICACIÓN, DISTRIBUCIÓN, ETC. | |
| Lugar de publicación, distribución, etc. | [Cádiz] |
| Nombre del editor, distribuidor, etc. | : I. E. S. La Caleta |
| Fecha de publicación, distribución, etc. | , [2017] |
| 300 ## - DESCRIPCIÓN FÍSICA | |
| Extensión | 37 p. |
| Otras características físicas | : il. col. |
| Dimensiones | ; 30 cm |
| 500 00 - NOTA GENERAL | |
| Nota general | En cub.: El séptimo clip de Producciones Juan d'Ors. DIBUJOS de Alfredo Ugarte Urumo. MUSICA de Juan d'Ors. ACTIVIDADES PEDAGÓGICAS Academia Municipal de Dibujo y Pintura de Irún y Departamento de Inglés del I. E. S. La Caleta de Cádiz. |
| 500 00 - NOTA GENERAL | |
| Nota general | Programación de actividades del departamento de inglés para la actividad cultural de Halloween. Curso 2017-201 |
| 597 ## - NOTAS A LA DESCRIPCIÓN FÍSICA | |
| Nota general | Encuadernado en espiral. |
| 650 #0 - PUNTO DE ACCESO ADICIONAL DE MATERIA--TÉRMINO DE MATERIA | |
| Término de materia o nombre geográfico como elemento de entrada | Arte- |
| Subdivisión general | Educación |
| 9 (RLIN) | 101835 |
| 852 ## - LOCALIZACIÓN | |
| Número de control de estantería | F-16127 |
| 942 ## - ELEMENTOS DE ENTRADA SECUNDARIOS (KOHA) | |
| Tipo de ítem Koha | Fondo moderno |
| Suprimir en OPAC | No |
| Estatus retirado | Estado de pérdida | Fuente de la clasificación o esquema de estantería | Estado de daño | No para préstamo | Biblioteca de origen | Biblioteca actual | Ubicación en estantería | Fecha de adquisición | Número de inventario | Total de préstamos | Signatura topográfica completa | Código de barras | Visto por última vez | Precio de reemplazo | Tipo de ítem Koha |
|---|---|---|---|---|---|---|---|---|---|---|---|---|---|---|---|
| Clasificación Decimal Dewey | Real Academia de la Bellas Artes de San Fernando | Real Academia de la Bellas Artes de San Fernando | Depósito 2 | 30/04/2026 | 46216 | F-16127 | 1097163 | 30/04/2026 | 30/04/2026 | Fondo moderno |